[Event "TUR-chT 2nd League"]
[Site "Konya"]
[Date "2019.07.28"]
[Round "9.13"]
[White "Bardak, Ismail Kayra"]
[Black "Eren, Alper"]
[Result "1/2-1/2"]
[WhiteElo "1503"]
[BlackElo "1877"]
[PlyCount "95"]
[EventDate "2019.07.22"]
[EventType "team-swiss"]
[EventRounds "9"]
[EventCountry "TUR"]
[SourceTitle "CBM 191 Extra"]
[Source "ChessBase"]
[SourceDate "2019.09.30"]
[SourceVersion "1"]
[SourceVersionDate "2019.09.30"]
[SourceQuality "1"]
[WhiteTeam "Calli Spor"]
[BlackTeam "Pamukkale Yonetimi"]
[WhiteTeamCountry "TUR"]
[BlackTeamCountry "TUR"]

1. e4 c5 2. Nf3 e6 3. c4 Qc7 4. Nc3 a6 5. Be2 Nc6 6. d4 cxd4 7. Nxd4 Nf6 8. a3 Be7 9. f3 0-0 10. Be3 d6 11. 0-0 b6 12. Qd2 Bb7 13. Rac1 Ne5 14. Rfd1 Rac8 15. Bf1 Qb8 16. Na4 Nfd7 17. b4 Rfd8 18. Qf2 d5 19. cxd5 Rxc1 20. Rxc1 exd5 21. exd5 b5 22. Nc6 Nxc6 23. dxc6 Bxc6 24. Rxc6 bxa4 25. Rxa6 Bd6 26. g3 Ne5 27. Be2 Qc8 28. Bc5 Bc7 29. Rxa4 Nd3 30. Bxd3 Rxd3 31. Qe2 Qd8 32. Ra8 Rd1+ 33. Qxd1 Qxa8 34. Qd3 h5 35. b5 Qb8 36. f4 h4 37. Qb3 h3 38. b6 Qb7 39. Qb2 Qe4 40. Qd2 Bxb6 41. Bxb6 Qb1+ 42. Kf2 Qxb6+ 43. Qe3 Qb2+ 44. Qe2 Qxa3 45. Qe8+ Kh7 46. Qxf7 Qb2+ 47. Ke3 Qxh2 48. Qh5+ 1/2-1/2

[Event "TUR-chT 2nd League"]
[Site "Konya"]
[Date "2019.07.26"]
[Round "7.11"]
[White "Bardak, Ismail Kayra"]
[Black "Ince, Taylan Ruzgar"]
[Result "0-1"]
[WhiteElo "1503"]
[BlackElo "1610"]
[PlyCount "61"]
[EventDate "2019.07.22"]
[EventType "team-swiss"]
[EventRounds "9"]
[EventCountry "TUR"]
[SourceTitle "CBM 191 Extra"]
[Source "ChessBase"]
[SourceDate "2019.09.30"]
[SourceVersion "1"]
[SourceVersionDate "2019.09.30"]
[SourceQuality "1"]
[WhiteTeam "Calli Spor"]
[BlackTeam "Yalova Altinkale"]
[WhiteTeamCountry "TUR"]
[BlackTeamCountry "TUR"]

1. e4 e6 2. d4 d5 3. Nc3 Bb4 4. e5 c5 5. a3 Bxc3+ 6. bxc3 Ne7 7. Qg4 0-0 8. Bd3 c4 9. Bh6 Ng6 10. Bxg6 fxg6 11. Bd2 Nc6 12. Nf3 Qe8 13. h4 Ne7 14. h5 h6 15. hxg6 Qxg6 16. Qxg6 Nxg6 17. Nh4 Nxh4 18. Rxh4 Bd7 19. Be3 Be8 20. Kd2 Bg6 21. Rg1 Rab8 22. g4 Rf3 23. Rgh1 Rbf8 24. R4h3 Be4 25. R3h2 Rxf2+ 26. Rxf2 Rxf2+ 27. Bxf2 Bxh1 28. g5 hxg5 29. Be3 g4 30. Bf4 g6 31. Bg3 0-1

[Event "TUR-chT 2nd League"]
[Site "Konya"]
[Date "2019.07.25"]
[Round "6.8"]
[White "Demiroglu, Arsen"]
[Black "Bardak, Ismail Kayra"]
[Result "1-0"]
[WhiteElo "1701"]
[BlackElo "1503"]
[PlyCount "101"]
[EventDate "2019.07.22"]
[EventType "team-swiss"]
[EventRounds "9"]
[EventCountry "TUR"]
[SourceTitle "CBM 191 Extra"]
[Source "ChessBase"]
[SourceDate "2019.09.30"]
[SourceVersion "1"]
[SourceVersionDate "2019.09.30"]
[SourceQuality "1"]
[WhiteTeam "Istanbul Sisli"]
[BlackTeam "Calli Spor"]
[WhiteTeamCountry "TUR"]
[BlackTeamCountry "TUR"]

1. d4 Nf6 2. c4 g6 3. Nc3 Bg7 4. e4 d6 5. Bd3 0-0 6. Nge2 e5 7. d5 a5 8. 0-0 Nbd7 9. h3 Nc5 10. Bc2 Ne8 11. Be3 f5 12. exf5 gxf5 13. f4 e4 14. Qd2 Kh8 15. a3 a4 16. Bd4 Rg8 17. Nd1 Qh4 18. Kh2 Nf6 19. Ne3 Qh6 20. Bc3 Bd7 21. Nd4 Ng4+ 22. Kg1 Nxe3 23. Qxe3 Bf6 24. Rae1 Rg7 25. Kh2 Rag8 26. Rg1 Rg3 27. Qf2 Nd3 28. Bxd3 Rxd3 29. Rd1 Rgg3 30. Rxd3 Rxd3 31. Ne2 Bxc3 32. Nxc3 Qg7 33. Rd1 Rxd1 34. Nxd1 c5 35. Qh4 Qf8 36. Ne3 Kg7 37. Qg5+ Kh8 38. Kg1 h6 39. Qg6 Qg7 40. Qxd6 Qd4 41. Qe5+ Qxe5 42. fxe5 f4 43. e6 Bc8 44. e7 Bd7 45. Nf5 Kg8 46. Nd6 Be8 47. Nxe8 Kf7 48. Nd6+ Kxe7 49. Nxb7 e3 50. Nxc5 Kd6 51. Nd3 1-0

[Event "TUR-chT 2nd League"]
[Site "Konya"]
[Date "2019.07.24"]
[Round "4.10"]
[White "Bardak, Ismail Kayra"]
[Black "Cekli, Cem"]
[Result "0-1"]
[WhiteElo "1503"]
[BlackElo "1699"]
[PlyCount "73"]
[EventDate "2019.07.22"]
[EventType "team-swiss"]
[EventRounds "9"]
[EventCountry "TUR"]
[SourceTitle "CBM 191 Extra"]
[Source "ChessBase"]
[SourceDate "2019.09.30"]
[SourceVersion "1"]
[SourceVersionDate "2019.09.30"]
[SourceQuality "1"]
[WhiteTeam "Calli Spor"]
[BlackTeam "Konya Erkin"]
[WhiteTeamCountry "TUR"]
[BlackTeamCountry "TUR"]

1. e4 Nf6 2. e5 Nd5 3. d4 d6 4. c4 Nb6 5. f4 dxe5 6. fxe5 Nc6 7. Be3 Bf5 8. Nc3 e6 9. Be2 Be7 10. Nf3 0-0 11. 0-0 f6 12. Qe1 fxe5 13. dxe5 Nd7 14. Rd1 Qe8 15. Qg3 a6 16. Bd3 Bc5 17. Bxc5 Nxc5 18. Bxf5 Rxf5 19. Rfe1 Rd8 20. Rxd8 Qxd8 21. Rd1 Qe7 22. Nd4 Nxd4 23. Rxd4 Nd7 24. Re4 Qc5+ 25. Qe3 Qxe3+ 26. Rxe3 Kf7 27. b3 Nxe5 28. Ne2 Nc6 29. Ng3 Re5 30. Rxe5 Nxe5 31. Ne4 Nd3 32. a3 Ke7 33. g3 b6 34. Kg2 Ne1+ 35. Kf2 Nc2 36. a4 Nd4 37. Nd2 0-1